|
|
|
|
| LEADER |
01625cas a2200277 a 4500 |
| 001 |
AALejournalIMF014603 |
| 008 |
230101c9999 xx r poo 0 0eng d |
| 020 |
|
|
|c 5.00 USD
|
| 020 |
|
|
|z 9781498337151
|
| 022 |
|
|
|a 1018-5941
|
| 040 |
|
|
|a BD-DhAAL
|c BD-DhAAL
|
| 100 |
1 |
|
|a Dao, Mai.
|
| 245 |
1 |
0 |
|a Strategies for Reforming Korea's Labor Market to Foster Growth /
|c Mai Dao, Davide Furceri, Tae-Jeong Kim, Meeyeon Kim.
|
| 264 |
|
1 |
|a Washington, D.C. :
|b International Monetary Fund,
|c 2014.
|
| 300 |
|
|
|a 1 online resource (20 pages)
|
| 490 |
1 |
|
|a IMF Working Papers
|
| 500 |
|
|
|a <strong>Off-Campus Access:</strong> No User ID or Password Required
|
| 500 |
|
|
|a <strong>On-Campus Access:</strong> No User ID or Password Required
|
| 506 |
|
|
|a Electronic access restricted to authorized BRAC University faculty, staff and students
|
| 520 |
3 |
|
|a While the Korean unemployment rates are currently among the lowest in OECD countries, the labor market duality and the underemployment in some segments of the population are important labor market challenges, and factors contributing to lower potential growth. The paper shows the benefits of comprehensive policy reforms aimed at increasing labor force participation and youth employment and reducing duality are likely to be considerable in the medium term.
|
| 538 |
|
|
|a Mode of access: Internet
|
| 700 |
1 |
|
|a Furceri, Davide.
|
| 700 |
1 |
|
|a Kim, Meeyeon.
|
| 700 |
1 |
|
|a Kim, Tae-Jeong.
|
| 830 |
|
0 |
|a IMF Working Papers; Working Paper ;
|v No. 2014/137
|
| 856 |
4 |
0 |
|z Full text available on IMF
|u http://elibrary.imf.org/view/journals/001/2014/137/001.2014.issue-137-en.xml
|z IMF e-Library
|